[Event "7th Open"]
[Site "Korinthos GRE"]
[Date "2004.07.28"]
[Round "8"]
[White "Logothetis,S"]
[Black "Kostopoulos,E"]
[Result "1-0"]
[WhiteElo "2233"]
[BlackElo "2075"]

1.e4 d6 2.d4 Nf6 3.Nc3 c6 4.f4 Qa5 5.Bd3 e5 6.Nf3 Bg4 7.Be3 Nbd7 8.O-O Be7
9.Qe1 Bxf3 10.Rxf3 Ng4 11.Bd2 Qb6 12.Ne2 exd4 13.Ba5 Qc5 14.b4 Qh5 15.Rh3 Qg6
16.e5 f5 17.Nxd4 O-O 18.e6 Nb6 19.Bxb6 axb6 20.Rf3 Nh6 21.h3 Qf6 22.c3 Ra3
23.Bc4 d5 24.Bb3 Bxb4 25.Nxc6 Bc5+ 26.Nd4 Bxd4+ 27.cxd4 Qxd4+ 28.Kh1 Re8
29.Rd1 Qe4 30.Bxd5 Qxe1+ 31.Rxe1 Rxf3 32.Bxf3 Kf8 33.Bxb7 Ke7 34.Bd5 Ng8
35.Bb3 Nf6 36.Rc1 Kd6 37.Rd1+ Kc5 38.Kg1 Re7 39.g3 Kc6 40.Kg2 Ne4 41.Bd5+ Kc7
42.Bxe4 fxe4 43.f5 g6 44.g4 h5 45.Kf2 hxg4 46.hxg4 gxf5 47.gxf5  1-0

[Event "Politiken Cup"]
[Site "Copenhagen DEN"]
[Date "2004.07.30"]
[Round "8"]
[White "Tidman,S"]
[Black "Hansen,ReR"]
[Result "0-1"]
[WhiteElo "2133"]
[BlackElo "2066"]

1.e4 d6 2.d4 Nf6 3.Nc3 e5 4.Nf3 Nbd7 5.g4 exd4 6.Nxd4 Nc5 7.Qe2 Bxg4 8.f3 Bd7
9.Bg5 h6 10.Bh4 Be7 11.O-O-O O-O 12.Rg1 Kh8 13.Qg2 Ne8 14.Bg3 Bg5+ 15.f4 Bh4
16.Bc4 Bxg3 17.Qxg3 c6 18.Nb3 Nxb3+ 19.Bxb3 Qe7 20.e5 d5 21.Rg2 Be6 22.Qf2 g6
23.h4 h5 24.Ne2 Ng7 25.Ng3 b6 26.c3 Bh3 27.Rh2 Bf5 28.Nxf5 Nxf5 29.Bc2 Nh6
30.Rg2 Ng4 31.Qg3 Rad8 32.Re1 Rfe8 33.f5 Nxe5 34.Rge2 f6 35.fxg6 Kg7 36.Qf4 Qd6
37.Qf5 d4 38.cxd4 Qxd4 39.Qxh5 Qf4+ 40.Kb1 Rh8 41.Qf5 Qxf5 42.Bxf5 Rxh4 43.Rg1 Rdd4
44.a3 Rdf4 45.Bd7 Re4 46.Rxe4 Rxe4 47.Be8 c5 48.Rg2 f5 49.Ka2 f4 50.Bb5 Nxg6
51.Bd3 Re6 52.Rg4 f3 53.Kb3 Kh6 54.Kc2 Ne5 55.Rf4 Kg5 56.Rf5+ Kg4  0-1

[Event "12th GM"]
[Site "Lippstadt GER"]
[Date "2004.07.30"]
[Round "7"]
[White "Brenke,A"]
[Black "Maiwald,JU"]
[Result "1/2-1/2"]
[WhiteElo "2379"]
[BlackElo "2524"]

1.d4 d6 2.e4 Nf6 3.Nc3 Nbd7 4.f4 e5 5.Nf3 exd4 6.Qxd4 c6 7.Be3 d5 8.exd5 Bc5
9.Qd2 cxd5 10.Bxc5 Nxc5 11.Bb5+ Bd7 12.Qe2+ Kf8 13.Bxd7 Qxd7 14.O-O-O Rd8
15.Rhe1 h6 16.g4 Qd6 17.Kb1 g5 18.Nb5 Qe6 19.fxg5 Qxe2 20.Rxe2 hxg5 21.Nxg5 Nxg4
22.Rf1 Rd7 23.h3 Rh5 24.Ne6+ Nxe6 25.hxg4 Rh6 26.Nxa7 Nc7 27.a4 Ra6 28.Nb5 Rxa4
29.Nxc7 Rxc7 30.g5 Kg7 31.Re5 Rac4 32.Rf2 d4 33.Rd2 Kg6 34.Rd5 R4c5 35.Rxc5 Rxc5
36.Rxd4 Rxg5  1/2-1/2

[Event "Politiken Cup"]
[Site "Copenhagen DEN"]
[Date "2004.08.01"]
[Round "10"]
[White "Richards,H"]
[Black "Hansen,ReR"]
[Result "0-1"]
[WhiteElo "2219"]
[BlackElo "2066"]

1.e4 d6 2.d4 Nf6 3.Nc3 e5 4.Nf3 Nbd7 5.Bc4 Be7 6.a4 O-O 7.O-O c6 8.Re1 h6
9.Qe2 Re8 10.b3 Bf8 11.dxe5 dxe5 12.Bb2 Nb6 13.Bd3 Bg4 14.h3 Bxf3 15.Qxf3 Nbd7
16.Rad1 Bb4 17.Bc4 Qe7 18.Re3 Bxc3 19.Bxc3 Nb6 20.Bd3 Qc5 21.Bb2 Rad8 22.Rde1 Qb4
23.Bc1 c5 24.Bb5 Re6 25.c3 Qxb3 26.c4 Qb4 27.Ba3 Qa5 28.Bb2 Qd2 29.Bc3 Qd6
30.a5 a6 31.Bxa6 bxa6 32.axb6 Qxb6 33.Qf5 Rde8 34.Rg3 Kf8 35.Ra1 Qb3 36.Bxe5 Qxc4
37.Rc3 Qxe4 38.Bd6+ Rxd6 39.Qxc5 Qd4 40.Qa3  0-1

[Event "Open"]
[Site "Charleroi BEL"]
[Date "2004.08.03"]
[Round "5"]
[White "Sailer,D"]
[Black "Giadrosic,D"]
[Result "1/2-1/2"]
[WhiteElo "2224"]
[BlackElo "1944"]

1.e4 d6 2.d4 Nf6 3.Nc3 Nbd7 4.Nf3 e5 5.Bc4 Be7 6.O-O O-O 7.Re1 c6 8.a4 h6
9.h3 Nh7 10.dxe5 Nxe5 11.Bb3 Nxf3+ 12.Qxf3 Bg5 13.Be3 Be6 14.Rad1 Bxb3 15.cxb3 Qe7
16.b4 Bxe3 17.Rxe3 Rad8 18.Red3 Rd7 19.b5 Rfd8 20.Qe3 Ng5 21.b4 a6 22.bxc6 bxc6
23.Qb6 Nxe4 24.Re1 d5 25.Qxc6 Qxb4 26.Rxe4 dxe4 27.Rxd7 Rxd7 28.Qxd7 Qxc3
29.Qe8+ Kh7 30.Qxe4+ g6  1/2-1/2

[Event "It A"]
[Site "Montreal CAN"]
[Date "2004.08.04"]
[Round "1"]
[White "Bluvshtein,M"]
[Black "Huzman,A"]
[Result "1/2-1/2"]
[WhiteElo "2462"]
[BlackElo "2588"]

1.e4 d6 2.d4 Nf6 3.Nc3 e5 4.dxe5 dxe5 5.Qxd8+ Kxd8 6.Bc4 Ke8 7.Nf3 Bd6 8.Bg5 Nbd7
9.O-O h6 10.Be3 a6 11.a4 b6 12.Ne1 Bb7  1/2-1/2

[Event "Open Dutch Champ"]
[Site "Dieren NED"]
[Date "2004.08.05"]
[Round "9"]
[White "Barendse,T"]
[Black "Ellenbroek,T"]
[Result "1-0"]
[WhiteElo "2201"]
[BlackElo "2109"]

1.e4 d6 2.d4 Nf6 3.Nc3 e5 4.Nge2 exd4 5.Nxd4 Be7 6.Be2 O-O 7.O-O c5 8.Nb3 Nc6
9.f4 a5 10.a4 Be6 11.Bf3 Bxb3 12.cxb3 Nd4 13.Be3 Nxf3+ 14.Qxf3 Re8 15.Rad1 Qc8
16.e5 Ng4 17.Nd5 Nxe3 18.Nxe3 dxe5 19.fxe5 Qe6 20.Nc4 h6 21.Qxb7 Reb8 22.Qf3 Ra6
23.Kh1 Ra7 24.Rd3 f6 25.exf6 Bxf6 26.Rd6 Qe7 27.Rxf6  1-0

[Event "XI Summer Open"]
[Site "Nice FRA"]
[Date "2004.08.05"]
[Round "5"]
[White "Paragua,M"]
[Black "Jurkovic,A"]
[Result "1-0"]
[WhiteElo "2529"]
[BlackElo "2340"]

1.e4 d6 2.d4 Nf6 3.Nc3 Nbd7 4.g3 e5 5.Nge2 b5 6.Nxb5 Nxe4 7.Bg2 Bb7 8.d5 Nef6
9.c4 Be7 10.O-O h5 11.h3 Bc8 12.Be3 a6 13.Na7 Nb8 14.c5 O-O 15.c6 Bf5 16.Nc3 a5
17.Qa4 Na6 18.Qxa5 Nc5 19.b4 Nce4 20.Ne2 Qb8 21.a4 Ng5 22.Kh2 Nxh3 23.Bxh3 Bxh3
24.Kxh3 Ng4 25.Qb5 Nxe3 26.Qxb8 Rfxb8 27.fxe3 Rxa7 28.Rfb1 Bg5 29.Ra3 Kf8
30.a5 Ke8 31.b5 Kd8 32.Nc3 Bxe3 33.b6 Bxb6 34.Rbb3 Rba8 35.axb6 Rxa3 36.b7 Ra1
37.b8=Q+ Rxb8 38.Rxb8+ Ke7 39.Rc8 f5 40.Rxc7+ Kf6 41.Rd7  1-0

[Event "Open"]
[Site "Kavala GRE"]
[Date "2004.08.06"]
[Round "8"]
[White "Ardelean,G"]
[Black "Aftsoglou,I"]
[Result "1/2-1/2"]
[WhiteElo "2465"]
[BlackElo "2241"]

1.e4 d6 2.d4 Nf6 3.Nc3 Nbd7 4.Nf3 e5 5.Bc4 Be7 6.O-O O-O 7.Re1 c6 8.a4 a5
9.b3 Qc7 10.h3 Nb6 11.Bf1 Ne8 12.Bb2 f6 13.Qd2 g6 14.Rad1 Ng7 15.Ba3 Rd8
16.Qe3 Re8 17.Rd2 Be6 18.Red1 Rac8 19.dxe5 dxe5 20.Bxe7 Rxe7 21.Qc5 Ra8 22.Rd6 Ne8
23.Nb5 cxb5 24.Qxc7 Nxc7 25.Rxb6 bxa4 26.bxa4 Ra7 27.Rd8+ Kg7 28.Rbd6 Ne8
29.Rd2 Nc7 30.R2d6 Ne8 31.Rd3 Nc7 32.Rc3 Bf7 33.Nd2 Ne6 34.Rd6 Be8 35.Bb5 Nd4
36.Rc5 Ne6 37.Rcd5 Nc7 38.Rc5 Ne6 39.Rcd5 Nc7 40.Rc5 Ne6  1/2-1/2

[Event "Open"]
[Site "Charleroi BEL"]
[Date "2004.08.07"]
[Round "9"]
[White "Saiboulatov,D"]
[Black "Giadrosic,D"]
[Result "1-0"]
[WhiteElo "2390"]
[BlackElo "1944"]

1.e4 d6 2.d4 Nf6 3.Nc3 Nbd7 4.h3 e5 5.Be3 c6 6.Nge2 b5 7.a3 a6 8.g4 h6 9.Bg2 Bb7
10.O-O Be7 11.Ng3 g6 12.f4 Qc7 13.Qd2 Rh7 14.Qf2 O-O-O 15.a4 b4 16.Nce2 exd4
17.Nxd4 c5 18.Nde2 Nb6 19.c3 Nc4 20.cxb4 Nxe3 21.Qxe3 d5 22.Rac1 c4 23.exd5 Nxd5
24.Qe4 Qb6+ 25.Qd4 Qxd4+ 26.Nxd4 Ne3 27.Bxb7+ Kxb7 28.Rfe1 Rxd4 29.Rxe3 Bxb4
30.Re4 Rxe4 31.Nxe4 f5 32.Rxc4 a5 33.gxf5 gxf5 34.Ng3 Rf7 35.Kf2 Kb6 36.Rc8 Bc5+
37.Kf3 Bd4 38.Rb8+  1-0

[Event "HZ Open"]
[Site "Vlissingen NED"]
[Date "2004.08.09"]
[Round "4"]
[White "Iordachescu,V"]
[Black "Bosboom Lanchava,T"]
[Result "1/2-1/2"]
[WhiteElo "2633"]
[BlackElo "2370"]

1.e4 d6 2.d4 Nf6 3.Nc3 e5 4.Nf3 Nbd7 5.Bc4 Be7 6.O-O O-O 7.Re1 c6 8.a4 b6
9.h3 Bb7 10.Ba2 a6 11.dxe5 dxe5 12.Nh4 Qc7 13.Nf5 Bb4 14.Qf3 g6 15.Nh6+ Kg7
16.Bg5 Be7 17.Rad1 Nc5 18.Qg3 Nh5 19.Qh4 Bxg5 20.Qxg5 f6 21.Nf5+ Kh8 22.Qh6 a5
23.Nd6 Ba6 24.g3 Ng7 25.f4 Nge6 26.f5 Nd4 27.fxg6 Qg7 28.Qxg7+ Kxg7 29.Nf5+ Nxf5
30.exf5 hxg6 31.Ne4 Nxe4 32.Rd7+ Kh6 33.Rxe4 Rad8 34.Ra7 Bc8 35.Rh4+ Kg5
36.fxg6 Kxg6 37.Kf2 Bf5 38.Rhh7 Bxc2 39.Rag7+ Kf5 40.Ke3 Rd3+ 41.Ke2 Rd5
42.Rc7 Rd6 43.Rh5+ Kg6 44.Rhh7 Kf5 45.Rh5+ Kg6 46.Rhh7 Kf5  1/2-1/2

[Event "HZ Open"]
[Site "Vlissingen NED"]
[Date "2004.08.12"]
[Round "7"]
[White "Hafner,C"]
[Black "Tolhuizen,L"]
[Result "1/2-1/2"]
[WhiteElo "2153"]
[BlackElo "2297"]

1.d4 d6 2.e4 Nf6 3.Nc3 c6 4.f3 Nbd7 5.Be3 e5 6.Qd2 Be7 7.Bc4 b5 8.Bb3 Bb7
9.Nge2 a6 10.a4 O-O 11.g4 exd4 12.Nxd4 c5 13.Nf5 c4 14.Ba2 Ne5 15.Rf1 b4
16.Ne2 a5  1/2-1/2

[Event "ch-ESP Abierto"]
[Site "Seville ESP"]
[Date "2004.08.15"]
[Round "3"]
[White "Serra Olives,T"]
[Black "Llanes Hurtado,M"]
[Result "1/2-1/2"]
[WhiteElo "2182"]
[BlackElo "2397"]

1.e4 d6 2.d4 Nf6 3.Nc3 e5 4.Nf3 Nbd7 5.Bc4 Be7 6.O-O O-O 7.a4 c6 8.Re1 b6
9.Be3 Bb7 10.Ba2 a6 11.h3 b5 12.a5 b4 13.Na4 c5 14.dxc5 dxc5 15.Nb6 Nxb6
16.axb6 Qxb6 17.Nxe5 Bxe4 18.c3 Rad8 19.Qa4 Qc7 20.f4 bxc3 21.bxc3 Bd6 22.Ng4 Nxg4
23.hxg4 Rfe8 24.Rad1 Bc6 25.Qxa6 Ra8 26.Qc4 Red8 27.Bxc5 Bxc5+ 28.Qxc5 Rxd1
29.Rxd1 Rxa2 30.Qxc6 Qa7+ 31.Kh1 h6 32.Qe4 Ra1 33.Rxa1 Qxa1+ 34.Kh2 Qxc3
35.Qe8+ Kh7 36.Qxf7 Qe1 37.Qf5+ Kh8 38.Qd3 Qh4+ 39.Qh3 Qf2 40.Qg3 Qb6 41.g5 hxg5
42.Qxg5 g6 43.Qe7 Qf2 44.Qf6+ Kh7 45.Kh3 Qg1 46.Qe7+ Kh8 47.Kg3 Kg8 48.Qe4 Kh8
49.Kg4 Qd1+ 50.Kg5 Qh5+ 51.Kf6 Qh4+ 52.Ke6 Qg4+ 53.Ke7 Kh7 54.Kf7 Qd7+ 55.Qe7 Qf5+
56.Ke8+ Kg8 57.Qd6  1/2-1/2

[Event "14th Open"]
[Site "Abu Dhabi UAE"]
[Date "2004.08.16"]
[Round "3"]
[White "Mashinskaya,I"]
[Black "Velikhanli,F"]
[Result "1/2-1/2"]
[WhiteElo "2234"]
[BlackElo "2322"]

1.d4 d6 2.e4 Nf6 3.Nc3 c6 4.a4 Qa5 5.Bd2 e5 6.Nge2 Qc7 7.h3 Be7 8.g3 O-O
9.Bg2 Re8 10.O-O Nbd7 11.Be3 Bf8 12.g4 d5 13.exd5 Nxd5 14.Nxd5 cxd5 15.Nc3 Nb6
16.dxe5 Qxe5 17.Qd4 Bd6 18.Qxe5 Bxe5 19.Bxb6 axb6 20.Nxd5 Bxb2 21.Rab1 Be5
22.Nxb6 Ra5 23.Nc4 Rxa4 24.Nxe5 Rxe5 25.Rfd1 Re8 26.Bxb7 Bxb7 27.Rxb7 g6
28.Rd2 Rc4 29.Kg2 Re5 30.Rdd7 Rf4 31.Kg3 Rf6 32.Rd8+ Kg7 33.Rbb8 Rc6 34.Rbc8 Rec5
35.Rxc6 Rxc6 36.Rd2 Kf6 37.h4 h6 38.Re2 Rc4 39.f3 h5 40.g5+ Kg7 41.Rd2 Kf8  1/2-1/2

[Event "Open A"]
[Site "Riga LAT"]
[Date "2004.08.17"]
[Round "4"]
[White "Rytshagov,M"]
[Black "Jankovskis,G"]
[Result "1-0"]
[WhiteElo "2461"]
[BlackElo "2349"]

1.e4 d6 2.d4 Nf6 3.Nc3 e5 4.Nf3 Nbd7 5.Bc4 Be7 6.O-O O-O 7.Re1 c6 8.a4 b6
9.d5 c5 10.a5 bxa5 11.Nd2 Nb6 12.Bb5 a6 13.Bc6 Rb8 14.Nb3 a4 15.Nxa4 Nxa4
16.Rxa4 Nd7 17.Na5 Nb6 18.Ra3 Qc7 19.f4 exf4 20.Bxf4 Nd7 21.Nc4 f6 22.Rg3 Ne5
23.Nxe5 fxe5 24.Bh6 Bf6 25.Rf1 Qe7 26.b3 Rf7 27.h3 Rb4 28.c4 Kh8 29.Bd2 Rb8
30.Rgf3 Bd7 31.g4 h6 32.Bxd7 Qxd7 33.Bxh6 Rbf8 34.Bd2 Bd8 35.Kg2 g6 36.Bh6 Rxf3
37.Rxf3 Rxf3 38.Qxf3 Kh7 39.Bd2 a5 40.Qf8 a4 41.bxa4 Bg5 42.Be1 Qxa4 43.Qf7+ Kh6
44.h4 Bf4 45.Bg3 Bxg3 46.Kxg3 Qb3+ 47.Qf3 Qc2 48.g5+ Kg7 49.Qf6+ Kh7 50.Qf7+ Kh8
51.Qf8+ Kh7 52.Qh6+ Kg8 53.Qxg6+ Kf8 54.Qf6+ Kg8 55.Qg6+ Kh8 56.Qf5  1-0

[Event "ch-ESP Abierto"]
[Site "Seville ESP"]
[Date "2004.08.17"]
[Round "5"]
[White "Palma Macias,J"]
[Black "Llanes Hurtado,M"]
[Result "0-1"]
[WhiteElo "2180"]
[BlackElo "2397"]

1.e4 d6 2.d4 Nf6 3.Nc3 e5 4.Nf3 Nbd7 5.Bc4 Be7 6.O-O O-O 7.Re1 c6 8.a4 b6
9.Bg5 Bb7 10.Ba2 h6 11.Bxf6 Bxf6 12.d5 c5 13.Ne2 g6 14.Ng3 Bg7 15.Nd2 h5
16.Nc4 Qe7 17.Qd3 h4 18.Ne2 Nf6 19.f4 exf4 20.e5 Nxd5 21.Nxd6 Nb4 22.Qxg6 Nxa2
23.Qxg7+ Kxg7 24.Nf5+ Kh7 25.Nxe7 Nb4 26.Red1 f3 27.Nf4 Nxc2 28.Rd7 Nxa1
29.Rxb7 Kh6 30.gxf3 Nb3 31.Rd7 Rfd8 32.Nf5+ Kg5 33.Rxf7 Kxf4 34.Nd4+ Ke3
35.Nxb3 h3  0-1

[Event "ch-ESP Abierto"]
[Site "Seville ESP"]
[Date "2004.08.17"]
[Round "5"]
[White "Rodriguez Guerrero,E"]
[Black "Gonzalez de la Torre,S"]
[Result "1-0"]
[WhiteElo "2423"]
[BlackElo "2358"]

1.e4 d6 2.d4 Nf6 3.Nc3 e5 4.Nf3 Nbd7 5.h3 c6 6.Be3 b5 7.Bd3 Bb7 8.dxe5 dxe5
9.O-O a6 10.a4 Bb4 11.Ne2 O-O 12.Ng3 Re8 13.Qe2 Bf8 14.c3 Nc5 15.Bc2 Nxa4
16.Bxa4 bxa4 17.Rxa4 a5 18.Rfa1 Ba6 19.c4 Bb4 20.Bd2 Qb6 21.Bxb4 axb4 22.Nf5 c5
23.Ne3 Qc6 24.Nd5 Bb7 25.Rxa8 Bxa8 26.Nd2 Qd6 27.Qe3 Rc8 28.Ra5 Nd7 29.Qd3 Kf8
30.Ra7 Bxd5 31.cxd5 c4 32.Nxc4 Qc5 33.Rxd7 Qxc4 34.Qf3 Qc1+ 35.Kh2 Qf4+ 36.Qxf4 exf4
37.Rb7 Rc2 38.Rxb4 Rxf2 39.d6 Ke8 40.e5 g5 41.Rb8+ Kd7 42.Rb7+ Ke8 43.Rb8+ Kd7
44.Rf8 Rxb2 45.Rxf7+ Ke8 46.e6 Rd2 47.d7+  1-0

[Event "ch-ESP Abierto"]
[Site "Seville ESP"]
[Date "2004.08.17"]
[Round "5"]
[White "Villar Nieves,A"]
[Black "Teran Alvarez,I"]
[Result "0-1"]
[WhiteElo "2214"]
[BlackElo "2428"]

1.d4 d6 2.e4 Nf6 3.Nc3 c6 4.Nf3 Bg4 5.Be3 e6 6.Be2 Be7 7.O-O O-O 8.Nd2 Bxe2
9.Qxe2 d5 10.e5 Nfd7 11.Qg4 Kh8 12.Nf3 c5 13.Ne2 cxd4 14.Bxd4 Nc6 15.Rfe1 Qc7
16.Qg3 Rac8 17.c3 Nc5 18.Bxc5 Bxc5 19.Nf4 Ne7 20.Re2 b5 21.a3 a5 22.Qg4 Qd7
23.Rd1 Bb6 24.Nh5 Ng6 25.h4 Rc4 26.Nd4 Qe7 27.g3 Rg8 28.Nf4 Nxf4 29.Qxf4 b4
30.axb4 axb4 31.Re3 Rgc8 32.Rf3 bxc3 33.bxc3 Kg8 34.Rdd3 Ra8 35.Qd2 Qb7 36.Qg5 h6
37.Qh5 Qd7 38.g4 Ra1+ 39.Kg2 Re1 40.Rf4 Re4 41.Kg3 Rxf4 42.Kxf4 Qa7 43.Ke3 Rxc3  0-1

[Event "ch-FRA w"]
[Site "Val d'Isere FRA"]
[Date "2004.08.17"]
[Round "2"]
[White "Milliet,S"]
[Black "Muller,A"]
[Result "1-0"]
[WhiteElo "2280"]
[BlackElo "2175"]

1.e4 d6 2.d4 Nf6 3.Nc3 Nbd7 4.f4 e5 5.Nf3 exd4 6.Qxd4 Nc5 7.Bc4 Be6 8.O-O Be7
9.b4 Na6 10.Bxe6 fxe6 11.b5 Nc5 12.Ba3 b6 13.Rad1 Qd7 14.Qc4 Ng4 15.Rfe1 O-O
16.h3 Nh6 17.f5 Qc8 18.Nd4 Kh8 19.Bxc5 d5 20.exd5 exd5 21.Nxd5 Bxc5 22.Kh1 Bxd4
23.Ne7 Qb7 24.Qxd4 a6 25.a4 axb5 26.axb5 Qb8 27.Qe5 Qe8 28.f6 gxf6 29.Qf4 Qh5
30.Rd5 Qf7 31.Qxh6 Rae8 32.Rd7  1-0

[Event "ch-CAN"]
[Site "Toronto CAN"]
[Date "2004.08.20"]
[Round "1"]
[White "Djerkovic,M"]
[Black "Khaziyeva,D"]
[Result "1-0"]
[WhiteElo "2210"]
[BlackElo "2125"]

1.e4 d6 2.d4 Nf6 3.Nc3 Nbd7 4.Nf3 e5 5.Bc4 Be7 6.O-O O-O 7.a4 c6 8.dxe5 dxe5
9.Bg5 Qc7 10.Bh4 b6 11.Bg3 a6 12.Nh4 g6 13.f4 Nh5 14.f5 Nxg3 15.hxg3 g5 16.Nf3 h6
17.Nh2 Kg7 18.Ng4 Bc5+ 19.Kh1 h5 20.f6+ Kg6 21.Qf3 hxg4 22.Qf5+ Kh6 23.Qxg4 Kg6
24.Qf5+ Kh6 25.Qh3+ Kg6 26.Qf5+ Kh6 27.g4 Nb8 28.Rf3 Bxf5 29.exf5 Kh7 30.Rh3+ Kg8
31.Ne4 Nd7 32.g3 Qd8 33.Rd1 Be7 34.fxe7 Qxe7 35.Rxd7 Qxd7 36.Nf6+ Kg7 37.Nxd7 Rfe8
38.Bxf7 Red8 39.Bg6 Rh8 40.Rxh8 Rxh8+ 41.Bh5  1-0

[Event "ch-FRA w"]
[Site "Val d'Isere FRA"]
[Date "2004.08.20"]
[Round "5"]
[White "Lallemand,R"]
[Black "Milliet,S"]
[Result "0-1"]
[WhiteElo "2302"]
[BlackElo "2280"]

1.e4 d6 2.d4 Nf6 3.Nc3 Nbd7 4.Nf3 e5 5.Bc4 Be7 6.O-O O-O 7.a4 a5 8.Ba2 c6
9.h3 exd4 10.Nxd4 Nc5 11.Re1 Qb6 12.Rb1 Be6 13.Bxe6 fxe6 14.Be3 Qc7 15.Qe2 d5
16.exd5 exd5 17.Bg5 Rae8 18.Nf5 Bd8 19.Be3 Qd7 20.g4 Nfe4 21.Nxe4 Nxe4 22.c4 Nd6
23.Nxd6 Qxd6 24.f4 Bb6 25.Qd3 Rxe3  0-1

[Event "Open A"]
[Site "Bratto ITA"]
[Date "2004.08.21"]
[Round "2"]
[White "Cebalo,M"]
[Black "Marzano,C"]
[Result "1-0"]
[WhiteElo "2527"]
[BlackElo "2244"]

1.d4 d6 2.e4 Nf6 3.Nc3 e5 4.dxe5 dxe5 5.Qxd8+ Kxd8 6.Bg5 Bd6 7.O-O-O Nd7
8.Bc4 Ke8 9.f3 a6 10.Nge2 b5 11.Bb3 h6 12.Bh4 b4 13.Na4 Bb7 14.Rd2 Bc6 15.Rhd1 Rb8
16.Bf2 Rb5 17.Ng3 g6 18.Nf1 Ra5 19.Nb6 Bb5 20.Nxd7 Bxd7 21.Ne3 Be6 22.Bxe6 fxe6
23.Nc4 Rb5 24.Nxd6+ cxd6 25.Rxd6 Ke7 26.Rxa6  1-0

[Event "54th ch-HUN"]
[Site "Budapest HUN"]
[Date "2004.08.21"]
[Round "3"]
[White "Balogh,C"]
[Black "Gyimesi,Z"]
[Result "0-1"]
[WhiteElo "2513"]
[BlackElo "2618"]

1.e4 d6 2.d4 Nf6 3.Nc3 e5 4.Nf3 Nbd7 5.g4 Nxg4 6.Rg1 Ngf6 7.Bc4 h6 8.Be3 c6
9.Qe2 b5 10.Bb3 Qa5 11.d5 b4 12.dxc6 bxc3 13.cxd7+ Bxd7 14.O-O-O Rc8 15.Kb1 Qb5
16.Qd3 a5 17.Nh4 a4 18.Qxb5 Bxb5 19.Bd5 Nxd5 20.exd5 g6 21.f4 Be7 22.Ng2 cxb2
23.Rge1 a3 24.fxe5 dxe5 25.d6 Bf6 26.Bd4 O-O 27.Bxe5 Ba4 28.Rd2 Bxe5  0-1

[Event "I Fincas Mediterranea"]
[Site "Castelldefels ESP"]
[Date "2004.08.21"]
[Round "4"]
[White "Rios,Al"]
[Black "Bojkov,D"]
[Result "1/2-1/2"]
[WhiteElo "2308"]
[BlackElo "2453"]

1.e4 d6 2.d4 Nf6 3.Nc3 e5 4.Nf3 Nbd7 5.Bc4 Be7 6.O-O O-O 7.a4 a5 8.b3 c6
9.Ba3 h6 10.Qd2 Qc7 11.dxe5 Nxe5 12.Nxe5 dxe5 13.Bxe7 Qxe7 14.Rad1 Be6 15.Bxe6 Qxe6
16.Qd6 Qxd6 17.Rxd6 Rfd8 18.Rfd1 Rxd6 19.Rxd6 Kf8 20.f3 Ke7 21.Rd1 Nd7 22.Kf2 Nc5
23.Ke3 Ke6 24.Ne2 g6  1/2-1/2

[Event "ch-CAN"]
[Site "Toronto CAN"]
[Date "2004.08.21"]
[Round "2"]
[White "Jung,HansR"]
[Black "Khaziyeva,D"]
[Result "1-0"]
[WhiteElo "2196"]
[BlackElo "2125"]

1.e4 d6 2.d4 Nf6 3.Nc3 Nbd7 4.f4 e5 5.Nf3 exd4 6.Qxd4 c6 7.Bc4 d5 8.exd5 Bc5
9.Qd3 O-O 10.dxc6 bxc6 11.Bd2 Re8+ 12.Ne2 h6 13.O-O-O Ne4 14.Bc3 Nf2 15.Qg6  1-0

[Event "VII Banc Post & Ciuc Premium C"]
[Site "Miercurea Ciuc ROM"]
[Date "2004.08.23"]
[Round "4"]
[White "Ghinea,C"]
[Black "Schmid,Si"]
[Result "0-1"]
[WhiteElo "1849"]
[BlackElo "2253"]

1.e4 d6 2.d4 Nf6 3.Nc3 c6 4.Bd3 e5 5.dxe5 dxe5 6.Bg5 Be7 7.Nf3 Qc7 8.h3 Nbd7
9.Qe2 h6 10.Be3 b5 11.a3 a6 12.b4 O-O 13.O-O Re8 14.Qd2 Bf8 15.Nh4 a5 16.bxa5 Nh5
17.Ne2 Qxa5 18.c3 Nc5 19.Bc2 Qd8 20.Qxd8 Rxd8 21.Nf3 Re8 22.Rfd1 Nf6 23.Ng3 Na4
24.Ne2 Nd7 25.Nd2 Ndc5 26.c4 Nb2 27.Rdc1 bxc4 28.Ra2 Nbd3 29.Rb1 Be6 30.Nc3 Reb8
31.Rxb8 Rxb8 32.Kf1 Bd6 33.Kg1 Kf8 34.g4 Ke8 35.Kf1 Kd7 36.Nf3 g5 37.Ke2 f6
38.Ne1 h5 39.f3 hxg4 40.hxg4 Rh8 41.Bg1 Rh1 42.Kf1 Nxe1 43.Kxe1 Rxg1+ 44.Kf2 Rh1
45.Kg2 Rh8 46.a4 Ra8 47.Ra1 Nd3 48.Rh1 Nf4+ 49.Kg3 Bb4 50.Nd1 Bd2 51.Rh6 Ne2+
52.Kf2 Nd4 53.Bb1 Rb8 54.Ba2 c3  0-1

[Event "Open A"]
[Site "Bratto ITA"]
[Date "2004.08.24"]
[Round "5"]
[White "Khenkin,I"]
[Black "Bellini,F"]
[Result "1-0"]
[WhiteElo "2573"]
[BlackElo "2509"]

1.d4 d6 2.e4 Nf6 3.Nc3 e5 4.dxe5 dxe5 5.Qxd8+ Kxd8 6.Bg5 c6 7.O-O-O+ Nd7
8.Nf3 Ke8 9.Bh4 Bb4 10.Bc4 Ba5 11.a3 h6 12.Bxf6 gxf6 13.Ne2 b5 14.Ba2 Bc7
15.Nh4 Nb6 16.Ng3 Be6 17.Bb3 h5 18.Ngf5 Rg8 19.Rd3 Rd8 20.Rg3 Kf8 21.Rxg8+ Kxg8
22.Ne7+ Kf8 23.Nxc6 Ra8 24.Nb4 Nc4 25.Bxc4 bxc4 26.Nd5 Bxd5 27.exd5 Kg7 28.Rd1 Bb6
29.Nf5+ Kg6 30.Ne3 c3 31.bxc3 Bc5 32.Nc4 e4 33.Rd2 Rd8 34.a4 f5 35.Kd1 f4
36.Ke2 Kf5 37.Rd1 Rg8 38.g3 f3+ 39.Ke1 h4 40.d6 hxg3 41.hxg3 Ke6 42.d7 Be7
43.Rd4 f5 44.g4 Rh8 45.gxf5+ Kxf5 46.Nd6+ Ke6 47.Nxe4 Rd8 48.Kd2 Rxd7 49.Rxd7 Kxd7
50.Ke3 Kc6 51.Kxf3 Kb6 52.c4 Ka5 53.c5 Bd8 54.Kf4 Kxa4 55.Ke5 Kb4 56.Kd6 a5
57.Kd7 a4 58.Kxd8 a3 59.c6 a2 60.c3+ Kb3 61.c7 a1=Q 62.c8=Q Qa5+ 63.Ke7  1-0

[Event "54th ch-HUN"]
[Site "Budapest HUN"]
[Date "2004.08.24"]
[Round "6"]
[White "Cao,S"]
[Black "Varga,Zo"]
[Result "1/2-1/2"]
[WhiteElo "2545"]
[BlackElo "2592"]

1.e4 d6 2.d4 Nf6 3.Nc3 e5 4.Nf3 Nbd7 5.Bc4 Be7 6.h3 O-O 7.Be3 c6 8.O-O b5
9.Bd3 a6 10.dxe5 dxe5 11.Ne2 c5 12.c3 c4 13.Bc2 Bb7 14.Ng3 Qc7 15.Nh2 Nc5
16.Bxc5 Qxc5 17.Ng4 Rad8 18.Nxf6+ Bxf6 19.Qe2 g6 20.Rfd1 Rxd1+ 21.Rxd1 Rd8
22.Nf1 Rxd1 23.Qxd1 Bg5 24.g3 Qc7 25.h4 Bh6 26.Qe1 Bf8 27.Qd2 Bc5 28.Ne3 Qd6
29.Qxd6 Bxd6 30.Kf1 f6 31.Ke2 Bc5 32.f3 Kf7 33.Bb1 Ke6 34.Bc2 Kd6 35.g4 Bc6
36.Bb1 Bb6 37.a3 Bd7 38.Bc2 Be6 39.Bd1 Bd8 40.Bc2 Bf7 41.Bb1 Be7 42.Nd5 Bd8
43.Ne3 f5 44.exf5 Bxh4 45.fxg6 hxg6 46.Be4 Bg5 47.Bc2 Kc5 48.Be4 Bf4 49.Bb7 Kb6
50.Be4 Kc5 51.Bb7 a5 52.Be4 g5 53.Bf5 b4 54.axb4+ axb4 55.Bh7 Kb5 56.Bc2 Bg8
57.Kf2 Bf7 58.Ke2 Be8 59.Be4 Kc5 60.Bf5 Ba4 61.Be6 Bb3 62.Bf7 Ba2 63.Be6 Bb3
64.Bf7 Ba2 65.Be6 Bg3 66.Bf7 Bh2 67.Be6 Bb3 68.Bf7 Bf4 69.Be6 Ba4 70.Bf7 Bc6
71.Be6 Bb5  1/2-1/2

[Event "XVI Open"]
[Site "Porto San Giorgio ITA"]
[Date "2004.08.24"]
[Round "4"]
[White "Bontempi,P"]
[Black "Lazic,Mi"]
[Result "1/2-1/2"]
[WhiteElo "2325"]
[BlackElo "2471"]

1.e4 d6 2.d4 Nf6 3.Nc3 c6 4.f3 Nbd7 5.Be3 e5 6.Qd2 g6 7.O-O-O Qc7 8.g4 Bg7
9.dxe5 dxe5 10.Bh6 O-O 11.h4 Nc5 12.Nge2 Be6 13.Ng3 Rfd8 14.Bd3 Rxd3 15.cxd3 Bxa2
16.Qe3 Nb3+ 17.Kc2 Nd4+ 18.Kd2 Qb6 19.Kc1 Bf8 20.Nf5 Qb3 21.Rd2 Ba3 22.Nb1 Bc5
23.Qg5 Nd7 24.Ne7+ Bxe7 25.Qxe7 Qe6 26.Qxe6 Bxe6 27.Rf2 Nc5 28.Kd2 Rd8 29.Bg5 Rd7
30.Rd1 Kg7 31.Be3 Ndb3+ 32.Kc2 Na4 33.Bd2 Nd4+ 34.Kc1 Nb3+ 35.Kc2 Na1+ 36.Kc1 Nb3+
37.Kc2 Na1+ 38.Kc1 Nb3+  1/2-1/2

[Event "ch-FRA w"]
[Site "Val d'Isere FRA"]
[Date "2004.08.24"]
[Round "9"]
[White "Skripchenko,A"]
[Black "Muller,A"]
[Result "1-0"]
[WhiteElo "2453"]
[BlackElo "2175"]

1.e4 d6 2.d4 Nf6 3.Nc3 Nbd7 4.Nge2 e5 5.g3 Be7 6.Bg2 O-O 7.O-O c6 8.a4 Qc7
9.h3 b6 10.Be3 Bb7 11.g4 Rfd8 12.Ng3 a5 13.g5 Ne8 14.f4 b5 15.Qg4 exd4 16.Bxd4 b4
17.Nf5 Ne5 18.fxe5 dxe5 19.Nxe7+ Qxe7 20.Bb6 bxc3 21.Bxd8 Rxd8 22.bxc3 Nc7
23.Rad1 Rxd1 24.Rxd1 Ne6 25.Qf5 Nc5 26.Bf1 Qc7 27.Qxe5  1-0

[Event "ch-FRA w"]
[Site "Val d'Isere FRA"]
[Date "2004.08.25"]
[Round "10"]
[White "Congiu,M"]
[Black "Bodenez,C"]
[Result "1/2-1/2"]
[WhiteElo "2105"]
[BlackElo "2031"]

1.e4 d6 2.d4 Nf6 3.Nc3 Nbd7 4.Nf3 e5 5.h3 Be7 6.Be3 c6 7.Bd3 O-O 8.O-O Qc7
9.Ne2 exd4 10.Nexd4 Ne5 11.Nxe5 dxe5 12.Nf3 Re8  1/2-1/2

[Event "WGM"]
[Site "Krk CRO"]
[Date "2004.08.26"]
[Round "1"]
[White "Grabics,M"]
[Black "Srebrnic,A"]
[Result "1-0"]
[WhiteElo "2305"]
[BlackElo "2257"]

1.e4 d6 2.d4 Nf6 3.Nc3 e5 4.Nf3 Nbd7 5.Bc4 Be7 6.O-O O-O 7.Re1 c6 8.a4 b6
9.d5 cxd5 10.Nxd5 Nxd5 11.Bxd5 Rb8 12.b3 Nf6 13.Ba3 a6 14.Bb4 Qc7 15.c4 Nd7
16.Re3 Nc5 17.a5 b5 18.cxb5 Rxb5 19.Ba3 Be6 20.b4 Nd7 21.Rc1 Qa7 22.Bxe6 fxe6
23.Qb3 Kf7 24.Rc6 h6 25.Rec3 Rfb8 26.Qd1 Kg8 27.Nd2 Rf8 28.Qe2 Nb8 29.Rc7 Rb7
30.Rc8 Qd4 31.Nf3 Qa7 32.Qc4 Rxc8 33.Qxe6+ Kh7 34.Qf5+  1-0